All life is problem solving
Αποθηκεύτηκε σε:
| Κύριος συγγραφέας: | |
|---|---|
| Άλλοι συγγραφείς: | |
| Μορφή: | Βιβλίο |
| Γλώσσα: | English |
| Δημοσίευση: |
London :
Routledge,
2001, c1999
|
| Θέματα: | |
| Ετικέτες: |
Προσθήκη ετικέτας
Δεν υπάρχουν, Καταχωρήστε ετικέτα πρώτοι!
|
MARC
| LEADER | 00000nam a2200000 i 4500 | ||
|---|---|---|---|
| 001 | 1/99908 | ||
| 008 | 081219s20011999 eng d | ||
| 020 | |a 978-0-415-24992-8 | ||
| 020 | |a 0-415-24992-9 | ||
| 035 | |l 10102646 | ||
| 040 | |a GR-MY-UA |b gre |e aacr | ||
| 041 | 0 | |a eng | |
| 082 | 0 | |a 121 |2 (22) | |
| 100 | 1 | |a Popper, Karl R. |q (Karl Raimund) |d 1902-1994. | |
| 245 | 1 | 0 | |a All life is problem solving / |c Karl Popper ; translated by Patrick Camiller |
| 260 | |a London : |b Routledge, |c 2001, c1999 | ||
| 300 | |a xii, 171 σ.; |c 23 εκ. | ||
| 504 | |a Περιέχει βιβλιογραφικές παραπομπές και ευρετήριο | ||
| 650 | 0 | 0 | |a Civilization, Modern |x Philosophy. |
| 650 | 0 | 0 | |a Science |x Philosophy. |
| 650 | 0 | 0 | |a Science |x History. |
| 700 | 1 | |a Camiller, Patrick. |4 trl | |
| 852 | |a INST |b LESVOS |e 20081219 |h 121 POP |p 005100043759 |q 005100043759 |t BK |y 0 | ||
| 901 | |a BIBL1-2008-3 | ||
| 909 | |a Λ |b 154153 | ||
| 922 | |a 1ΕΛΗ |b 200809 |c ΕΠΕΑΕΚ2/ΠΤΕ |d ΜΙΧΑΛΟΠΟΥΛΟΣ | ||
| 970 | |a ΚΑΡΑ |b ΓΙΑΣΕΜΗ |z 2008/12/19 | ||